000
00319nam a22001337a 4500
008
170313b xxu||||| |||| 00| 0 eng d
020
_a
9780397515882
041
_a
eng
080
_2
2 ED
_a
591
100
_a
7
101
_a
SHM
245
_a
MANUAL CLINICAL PROCEDURES IN TH DOG CAT RABBIT
_c
CROW.S.E
942
_2
udc
_c
BK
999
_c
7671
_d
7671